Rehabilitaciones completas acrílicas: desde la perspectiva funcional y estética (Disco 1) (Registro nro. 11597)
[ vista simple ]
| 000 -LEADER | |
|---|---|
| fixed length control field | 00719ngm a22001937a 4500 |
| 005 - DATE AND TIME OF LATEST TRANSACTION | |
| control field | 20190125193204.0 |
| 008 - FIXED-LENGTH DATA ELEMENTS--GENERAL INFORMATION | |
| fixed length control field | 160208b xxu||||| |||| 00| 0 spa d |
| 041 ## - LANGUAGE CODE | |
| Language code of text/sound track or separate title | spa |
| 082 ## - CLASIFICACIÓN | |
| Clasificación | 419 DVD |
| 100 ## - AUTOR | |
| Autor | Fonollosa Pla, José María |
| 245 ## - TÍTULO | |
| Title | Rehabilitaciones completas acrílicas: desde la perspectiva funcional y estética (Disco 1) |
| 300 ## - PHYSICAL DESCRIPTION | |
| Number of Pages | 1 CD-ROM |
| 500 ## - GENERAL NOTE | |
| General note | La teoría, razgos anatómicos de los maxilares edéntulos y límites funcionales para la elaboración de cubetas individuales y plantillas de articulación. |
| 650 ## - SUBJECT ADDED ENTRY--TOPICAL TERM | |
| Topical Term | IMPRESIONES |
| 650 ## - SUBJECT ADDED ENTRY--TOPICAL TERM | |
| Topical Term | RASGOS ANATÓMICOS |
| 650 ## - SUBJECT ADDED ENTRY--TOPICAL TERM | |
| Topical Term | PLANTILLAS DE ARTICULACIÓN |
| 650 ## - SUBJECT ADDED ENTRY--TOPICAL TERM | |
| Topical Term | ENCOFRADO |
| 942 ## - ADDED ENTRY ELEMENTS (KOHA) | |
| Koha item type | DVD |
| Withdrawn status | Lost status | Damaged status | Not for loan | Home library | Current library | Date acquired | Total Checkouts | Full call number | Accession Number | Date last seen | Koha item type | Date checked out |
|---|---|---|---|---|---|---|---|---|---|---|---|---|
| Retirado | Dañado | Departamento de Biblioteca y Documentación Alfonso Chase Brenes | Departamento de Biblioteca y Documentación Alfonso Chase Brenes | 25/01/2019 | 419 DVD | 419BDVD | 25/01/2019 | DVD | ||||
| Retirado | Dañado | Departamento de Biblioteca y Documentación Alfonso Chase Brenes | Departamento de Biblioteca y Documentación Alfonso Chase Brenes | 11/06/2019 | 1 | 419 DVD | 419ADVD | 08/07/2019 | DVD | 20/06/2019 |